000 01166nam a2200313 4500
003 EG-GICUC
005 20260312121514.0
008 260312s1938 uk ||||fr|||| 000 0 eng d
040 _aEG-GiCUC
_beng
_cEG-GiCUC
_dEG-GiCUC
_erda
041 _aeng
_heng
082 0 4 _221
_a341.65
_bIN . S
092 0 4 _221
099 _aLaw 11 341.65 IN . S 1938
110 _a International Committee of the Red Cross
_eAuthor.
245 1 3 _aSixteenth International Red Cross Conference, London, June 1937:
_bReport on the Interpretation, Revision and Extension of the Geneva Convention of 27 July 1929 /
_cBy International Committee of the Red Cross.
264 1 _aLondon ;
_b International Committee of the Red Cross.
_c1938.
300 _a126 pages :
_billustrations,
_c24 cm
336 _2rda content
_atext
337 _2rda media
_aComputer
338 _2rda carrier
_aOnline Resource
500 _aIndex included
504 _aBibliography: pages 200-250.
546 _aText in English
650 1 _aPublic international law
_2qrmak
651 1 _2qrmak
856 4 0 _uhttps://fll.law.cu.edu.eg/fulltext/bks/B11-08567.pdf
905 _a31
942 _2ddc
_n0
_cBK
_e21
999 _c66247
_d66247